LEADER 01320nam 2200445 450 001 9910480197103321 010 $a1-5275-1459-5 035 $a(CKB)4100000005599209 035 $a(MiAaPQ)EBC5477584 035 $a(EXLCZ)994100000005599209 100 $a20180915d2018 uy 0 101 0 $aeng 135 $aurcnu|||||||| 181 $ctxt$2rdacontent 182 $cc$2rdamedia 183 $acr$2rdacarrier 200 00$aEngendering difference $esexism, power and politics /$fedited by Michelle Gadpaille, Vesna Kondric Horvat and Victor Kennedy 210 1$aNewcastle upon Tyne, UK :$cCambridge Scholars Publishing,$d2018. 215 $a1 online resource (xi, 307 pages) $cillustrations 311 $a1-5275-0919-2 606 $aSex differences 606 $aSex role 606 $aGender identity 606 $aGender expression 608 $aElectronic books. 615 0$aSex differences. 615 0$aSex role. 615 0$aGender identity. 615 0$aGender expression. 676 $a612.6 702 $aGadpaille$b Michelle 702 $aHorvat$b Vesna Kondric 702 $aKennedy$b Victor 801 0$bMiAaPQ 801 1$bMiAaPQ 801 2$bMiAaPQ 906 $aBOOK 912 $a9910480197103321 996 $aEngendering difference$91930694 997 $aUNINA LEADER 02844nam 2200445 450 001 9910467486103321 005 20200520144314.0 010 $a1-61537-216-4 035 $a(CKB)4100000007164361 035 $a(MiAaPQ)EBC5600577 035 $a(Au-PeEL)EBL5600577 035 $a(CaPaEBR)ebr11637874 035 $a(OCoLC)1076800513 035 $a(EXLCZ)994100000007164361 100 $a20181221d2019 uy 0 101 0 $aeng 135 $aurcnu|||||||| 181 $ctxt$2rdacontent 182 $cc$2rdamedia 183 $acr$2rdacarrier 200 00$aAssessing and treating youth exposed to traumatic stress /$fedited by Victor G. Carrio?n 205 $aFirst edition. 210 1$aWashington, DC :$cAmerican Psychiatric Association Publishing,$d[2019] 210 4$dİ2019 215 $a1 online resource (530 pages) 311 $a1-61537-142-7 320 $aIncludes bibliographical references and index. 327 $aChild-parent psychotherapy / Alicia F. Lieberman, Chandra Ghosh Ippen, Miriam Hernandez Dimmler -- Eye movement desensitization and reprocessing and dialectical behavior therapy / Stephanie Clarke, Sanno E. Zack -- Mindfulness and yoga / John P. Rettger -- Psychopharmacology / Craig L. Donnelly, Roy Lubit, Antra Bami -- Addressing comorbidity / Flint M. Espil, Rachel L. Martin, Brian Bauer, Daniel W. Capron -- Dissociation / Chelsea Gefe, Elizabeth Weiss -- Sleep / Michelle Primeau, Simone Conde -- Self-injurious behaviors and suicidality / Shayne Ragbeer, Moira Kessler -- Substance use / Michael De Bellis, Karen Nooner -- Full spectrum of care / Laura D. Heintz -- Integrated models / David S. Grunwald, Steven Sust -- Global mental health and trauma / Christina Tara Khan -- Technology-facilitated interventions / Pamela J. Shime. 327 $aThe clinical interview / Sara Blythe Heron -- Assessment in schools or other large groups / Nicole Qquiterio, Jared T. Ritter -- Assessment of individuals / Chad Shenk, Heather Bensman, Brian Allen -- The forensic evaluation / Michael Kelly, Anne McBride -- General principles of psychotherapy / Ryan B. Matlow -- Play therapy / Julia LaMotte, Karen Smith -- School-based interventions / Sheryl Kataoka, Pamela Vona, Bradley D. Stein -- UCSF healthy environments and response to trauma in school (HEARTS) / Joyce Dorado, Martha Merchant -- Trauma-focused cognitive-behavioral therapy / Jessica L. Griffin, Jessica Wozniack -- Cue-centered therapy / Hilit Kletter --. 608 $aElectronic books. 676 $a618.92/8521 702 $aCarrio?n$b Victor G. 712 02$aAmerican Psychiatric Association Publishing, 801 0$bMiAaPQ 801 1$bMiAaPQ 801 2$bMiAaPQ 906 $aBOOK 912 $a9910467486103321 996 $aAssessing and treating youth exposed to traumatic stress$92014247 997 $aUNINA